00597 2200229 4500001002100000005001700021006001900038008004100057020002200098035002500120082001100145090001700156100002000173245005800193250001000251260002100261990001700282990001700299990001700316990001700333990001700350INLIS00000000001117620150723143127.0a ||| | 180719| ||| |  a978-979-29-4344-3 a0010-0715000000003060 a006.76 a006.76 EKO k0 aEKO PRIYO UTOMO00aKOLABORASI PHP 5 & MYSQL 5 UNTUK PENGEMBANGAN WEBSITE aCET.1 aYOGYAKARTAbANDI a1145/PC/2015 a1146/PC/2015 a1145/PC/2015 a1146/PC/2015 a1145/PC/2015